| 000 | 01634nam a2200457 i 4500 | ||
|---|---|---|---|
| 001 | 197585 | ||
| 003 | ES-MaACL | ||
| 005 | 20250823004929.0 | ||
| 007 | ta | ||
| 008 | 940517t19931993fr a### ||||| 000 | fre d | ||
| 020 | _a2040195750 | ||
| 035 | _a(OCoLC)30447529 | ||
| 035 | _aocm30447529 | ||
| 035 | _a018986749 | ||
| 040 |
_aABES _bfre _eAFNOR _cES-MaACL |
||
| 041 | 1 | _2639-2 | |
| 082 | 0 | _a780.9 | |
| 084 |
_a780.9. _2Dewey |
||
| 245 | 0 | 3 |
_aLa Musique au temps de Bach / _ctraduit et adapté par Richard Siegel. |
| 260 |
_aParis : _bBordas, _c1993, cop. 1993. |
||
| 300 |
_a156 p. : _bill. ; _c32 cm. |
||
| 336 |
_btxt _2rdacontent _atexto |
||
| 337 |
_bn _2rdamedia _asin mediación |
||
| 337 |
_bn _2isbdmedia _asin mediación |
||
| 338 |
_2rdacarrier _avolumen |
||
| 490 | 1 |
_aHistoire illustrée de la musique ; _v3 |
|
| 500 | _aTrad. et adapt. de : Heritage of Music. | ||
| 650 | 7 |
_aMúsica _2embne _915376 |
|
| 650 | 7 |
_aMúsica- _9171900 _yS.XVII |
|
| 650 | 7 |
_aMúsica- _9171901 _yS.XVIII |
|
| 651 |
_aAlemania- _xMúsica _9240931 |
||
| 700 | 1 |
_0(IdRef)265390796 _1http://www.idref.fr/265390796/id _aSiegel, Richard, _d1949- _etrl _9240932 |
|
| 830 | 0 |
_aHistoire illustrée de la musique ; _v3 _9240933 |
|
| 852 |
_aES-MaACL _cDEPO1 _jA-15684 _hDonación: Fernando Codina Rodríguez _xEncuadernación cartoné _9206042 |
||
| 903 |
_aCodina Rodríguez, Fernando _ednr _9238631 |
||
| 942 |
_n0 _cMONOGRAFIA |
||
| 999 |
_c197585 _d197585 |
||
| 999 | _b0WM | ||